|
|
|
|
| LEADER |
01272nam a2200277 a 4500 |
| 001 |
4346158 |
| 008 |
110714r20021990nju b 001 0 eng d |
| 010 |
|
|
|a 89038733
|
| 020 |
|
|
|a 0131550454
|
| 020 |
|
|
|a 812030778X
|
| 040 |
|
|
|a DLC
|c DLC
|d DLC
|d BD-DhAAL
|
| 082 |
0 |
0 |
|a 005.4/53
|2 20
|
| 100 |
1 |
|
|a Holub, Allen I.
|
| 245 |
1 |
0 |
|a Compiler design in C /
|c Allen I. Holub.
|
| 260 |
|
|
|a Englewood Cliffs, NJ :
|b Prentice Hall,
|c c1990.[Reprinted 2002]
|
| 300 |
|
|
|a xviii, 924 p. ;
|c 27 cm.
|
| 490 |
0 |
|
|a Prentice-Hall software series
|
| 504 |
|
|
|a Includes bibliographical references (p. 894-895) and index.
|
| 541 |
1 |
|
|e 00010578
|
| 650 |
|
0 |
|a Compilers (Computer programs)
|
| 650 |
|
0 |
|a C (Computer program language)
|
| 852 |
4 |
|
|a Ayesha Abed Library
|j General shelf
|
| 999 |
|
|
|c 11087
|d 11087
|
| 952 |
|
|
|0 0
|1 0
|4 0
|6 005_453000000000000_HOL
|7 0
|9 17463
|a BRACUL
|b BRACUL
|c GEN
|d 2011-07-15
|l 0
|o 005.453 HOL
|p 3010010578
|r 2011-07-15
|t 1
|w 2011-07-15
|y BK
|x Available
|
| 952 |
|
|
|0 0
|1 0
|4 0
|6 005_453000000000000_HOL
|7 0
|9 17464
|a BRACUL
|b BRACUL
|c GEN
|d 2011-07-15
|l 1
|m 3
|o 005.453 HOL
|p 3010010580
|r 2018-04-08
|s 2018-03-20
|t 2
|w 2011-07-15
|y BK
|x Available
|
| 952 |
|
|
|0 0
|1 0
|2 ddc
|4 0
|6 005_453000000000000_HOL
|7 0
|9 17474
|a BRACUL
|b BRACUL
|c GEN
|d 2011-07-16
|l 0
|o 005.453 HOL
|p 3010010579
|r 2011-07-16
|t 3
|w 2011-07-16
|y BK
|